| 000 | 00386nam a2200145Ia 4500 | ||
|---|---|---|---|
| 100 | _aAtthreya/N.H | ||
| 942 | _cBK | ||
| 654 | _aorganisation | ||
| 245 | _aImproving managerial functions and increasing organisational capaility through Management | ||
| 260 |
_bMMC School Of Management _aMumbai _c1976 |
||
| 082 |
_a658.4012 _bATT |
||
| 300 | _a219 | ||
| 546 | _aENGLISH | ||
| 999 |
_c25399 _d25399 |
||